000 01278nam a22003017a 4500
005 20121218110442.0
008 121218t xxu||||| |||| 00| 0 eng d
010 _aENG-106377
020 _a9789380607474
_c795.00
020 _a9380607474
_c795.00
035 _aEN-89910
037 _bDBAD/PUB
040 _aDPL
_bENG
082 0 4 _a973.04914
_223
100 1 _aDas, Ashidhara
_954375
245 1 0 _aDesi dreams :
_bIndian immigrant women build lives across two worlds /
_cby Ashidhara Das
260 _aDelhi
_bPrimus Books
_c2012
270 _aVirat Bhavan, Mukherjee Nagar Commercial Complex
_bDelhi
_e110009
300 _axviii, 162p.
_c25cm(Hb)
500 _aIncludes bibliographical references (p. [151]-157) and index.
650 0 _aWomen, East Indian
_zUnited States
_xSocial conditions.
_954376
650 0 _aWomen, East Indian
_zUnited States
_xEconomic conditions.
_954377
650 0 _aWomen immigrants
_zUnited States
_xSocial conditions.
_954378
650 0 _aWomen immigrants
_zUnited States
_xEconomic conditions.
_954379
942 _2ddc
_cEN
_h973.04914
_mDAS
999 _c72227
_d72227